Qui a été le Ministre de qui ? #3 - Statistiques

Statistiques générales
  • Ce quiz a été pris 112 fois
    93 depuis la dernière actualisation
  • Le résultat moyen est 8 sur 11
Statistiques - réponses
Question Réponse % Correct
Sous quel Président Manuel Valls a été Ministre de l'Intérieur ? François Hollande
100%
Sous quel Président Valéry Pécresse a été Ministre de l'Enseignement supérieur ? Nicolas Sarkozy
100%
Sous quel Président Jean-Yves Le Drian a été Ministre de l'Europe et des Affaires étrangères ? Emmanuel Macron
95%
Sous quel Président Christine Lagarde a été Ministre de l'Economie ? Nicolas Sarkozy
89%
Sous quel Président Jean-Pierre Raffarin a été Ministre du commerce ? Jacques Chirac
79%
Sous quel Président Dominique Strauss-Kahn a été Ministre de l'Economie ? Jacques Chirac
74%
Sous quel Président Jean-Louis Borloo a été Ministre de l'Economie ? Nicolas Sarkozy
74%
Sous quel Président Christophe Castaner a été Ministre de l'Intérieur ? Emmanuel Macron
68%
Sous quel Président Marisol Touraine a été Ministre des Affaires sociales ? François Hollande
63%
Sous quel Président Luc Ferry a été Ministre de la Jeunesse et de l'Education nationale ? Jacques Chirac
53%
Sous quel Président Dominique Perben a été Ministre des Départements et Territoires d'outre-mer ? François Mitterrand
42%
Aucun quiz correspondant
Distribution des résultats
% des personnes avec chaque résultat
Percentile par nombre de réponses
Votre historique - résultats
Vous n’avez pas pris ce quiz depuis la dernière actualisation